Инновационные процессы комплексной и глубокой переработки минерального сырья (Плаксинские чтения - 2013): материалы Международного совещания, 16-19 сентября 2013 г. г. Томск

Opis bibliograficzny
organizacja autorów: Национальный исследовательский Томский политехнический университет (ТПУ), Инновационные процессы комплексной и глубокой переработки минерального сырья (Плаксинские чтения) материалы Международного совещания
Kolejni autorzy: Чантурия В. А. (редактор)
Streszczenie:Международное совещание «Плаксинские чтения» проводятся с 1977 г. каждую осень в память об академике Игоре Николаевиче Плаксине (1900-1967) -основателе советской научной школы в области обогащения полезных ископаемых и гидрометаллургии редких, цветных и благородных металлов. В 2013 году «Плаксинские чтения» были проведены на Сибирской земле, в г. Томске, на базе Национального исследовательского Томского политехнического университета. В работе совещания приняли участие свыше 200 ученых из России, Казахстана, Украины, Германии, Монголии. Сборник посвящен широкому кругу вопросов, связанных с комплексной переработкой минерального сырья, технологической минералогией, рудоподготовкой, физическими и химическими методами обогащения. Отдельно рассматриваются перспективные технологии переработки техногенного сырья и экономические аспекты переработки минерального неорганического сырья. Предназначен для специалистов в области геологии, геологоразведки полезных ископаемых, химической технологии переработки минерального сырья.
Język:rosyjski
Wydane: Томск, Изд-во ТПУ, 2013
Seria:Плаксинские чтения
Hasła przedmiotowe:
Format: MixedMaterials Książka
KOHA link:https://koha.lib.tpu.ru/cgi-bin/koha/opac-detail.pl?biblionumber=244215

MARC

LEADER 00000nam0a2200000 4500
001 244215
005 20231101232031.0
010 |a 9785438702818 
035 |a (RuTPU)RU\TPU\book\265597 
090 |a 244215 
100 |a 20131017d2013 k y0rusy50 ca 
101 0 |a rus 
102 |a RU 
105 |a a z 100zy 
200 1 |a Инновационные процессы комплексной и глубокой переработки минерального сырья (Плаксинские чтения - 2013)  |e материалы Международного совещания, 16-19 сентября 2013 г. г. Томск  |f Национальный исследовательский Томский политехнический университет (ТПУ) ; под ред. В. А. Чантурии 
210 |a Томск  |c Изд-во ТПУ  |d 2013 
215 |a 535 с.  |c ил. 
225 1 |a Плаксинские чтения 
330 |a Международное совещание «Плаксинские чтения» проводятся с 1977 г. каждую осень в память об академике Игоре Николаевиче Плаксине (1900-1967) -основателе советской научной школы в области обогащения полезных ископаемых и гидрометаллургии редких, цветных и благородных металлов. В 2013 году «Плаксинские чтения» были проведены на Сибирской земле, в г. Томске, на базе Национального исследовательского Томского политехнического университета. В работе совещания приняли участие свыше 200 ученых из России, Казахстана, Украины, Германии, Монголии. Сборник посвящен широкому кругу вопросов, связанных с комплексной переработкой минерального сырья, технологической минералогией, рудоподготовкой, физическими и химическими методами обогащения. Отдельно рассматриваются перспективные технологии переработки техногенного сырья и экономические аспекты переработки минерального неорганического сырья. Предназначен для специалистов в области геологии, геологоразведки полезных ископаемых, химической технологии переработки минерального сырья. 
606 1 |a Минеральное сырье  |x Переработка комплексная  |x Интенсификация  |x Физико-химические основы  |2 stltpush  |3 (RuTPU)RU\TPU\subj\44032  |9 63419 
606 1 |a Минеральное сырье  |x Переработка комплексная  |2 stltpush  |3 (RuTPU)RU\TPU\subj\32007  |9 54698 
610 1 |a глубокая переработка 
610 1 |a технологическая минералогия 
610 1 |a рудоподготовка 
610 1 |a обогащение 
610 1 |a физические методы 
610 1 |a химические методы 
610 1 |a техногенное сырье 
610 1 |a перспективные методы 
610 1 |a совещания 
610 1 |a неорганическое сырье 
610 1 |a экономические аспекты 
610 1 |a труды учёных ТПУ 
675 |a 622.7.017(063)  |v 3 
675 |a 661.2/.6(063)  |v 3 
702 1 |a Чантурия  |b В. А.  |4 340 
712 0 2 |a Национальный исследовательский Томский политехнический университет (ТПУ)  |c (2009- )  |2 stltpush  |3 (RuTPU)RU\TPU\col\15902 
712 1 2 |a Инновационные процессы комплексной и глубокой переработки минерального сырья (Плаксинские чтения)  |b материалы Международного совещания  |e Томск  |f 2013 
801 1 |a RU  |b 63413507  |c 20131017 
801 2 |a RU  |b 63413507  |c 20210622  |g RCR 
942 |c BK